History Quiz

Random History or War Quiz

Important World War II Battles Quiz Stats

 Plays Quiz not verified by Sporcle

Score 0/12 Timer 07:00
0 Plays Today
Information Battle % Correct
Utah, Omaha, Gold, Sowrd, and Juno were the beaches of Normandy that will to date bet the setting for the one of the largest Amphibious attacks in historyOperation Overlord
93.1%
Stopped Luftwaffe from giving way for Operation Sea LionBattle of Britain
91.2%
USS Arizona along with other US battleships were sunkAttack on Pearl Harbor
90.6%
Last Major Offensive of Germany on the Western Front, involving infiltrating Belgium, was finally ended by PattonBattle of the Bulge
87.4%
German Field Marshall Paulus defeated by Soviet Marshal Zhukov during the Summer OffensiveBattle of Stalingrad
84.3%
Turning Point of African Campaign where Montgomery defeats the German Afrika Korps under RommelSecond Battle of the Alamein
81.8%
Japanese General Kuribayashi fails to stop the conquest captured by Rosenthal's photograph on Mount SuribachiBattle of Iwo Jima
80.5%
Turning Point of Pacific TheaterBatle of Midway
79.2%
Final major attack on Eastern front, tank battle where Germans failed to complete Operation Citadel against RussiaBattle of Kursk
74.2%
The most kamikaze attacks in a battle were sent to a US fleetBattle of Okinawa
64.2%
Large Naval Battle where Japanese failed to halt American reconquest of the PhilippinesBattle of Leyte Gulf
59.7%
This defense of Port Moresby was the first Navy battle where neither fleet directly shot the otherBattle of the Coral Sea
57.2%

You're not logged in!

Compare scores with friends on all Sporcle quizzes.
OR
Log In

Show Comments

Extras

Top Quizzes Today


Score Distribution

Your Account Isn't Verified!

In order to create a playlist on Sporcle, you need to verify the email address you used during registration. Go to your Sporcle Settings to finish the process.

Report this User

Report this user for behavior that violates our Community Guidelines.

Details: